Guess The Empire - Statistics

General Stats
  • This quiz has been taken 486 times
  • The average score is 10 of 15
Answer Stats
Picture Answer % Correct
Mongol
93%
Russian
90%
British
89%
Spanish
88%
French
82%
Roman
78%
Mexican
74%
Japanese
71%
Italian
70%
Ottoman
69%
Portuguese
57%
Mali
38%
Persian
35%
Austro Hungarian
25%
Incan
23%
No matching quizzes found
Score Distribution
Percent of People with Each Score
Percentile by Number Answered
Your Score History
You have not taken this quiz